Bahishti zewar (Record no. 63020)
[ view plain ]
| 000 -LEADER | |
|---|---|
| fixed length control field | 00472nam a22001697a 4500 |
| 003 - CONTROL NUMBER IDENTIFIER | |
| control field | NUST - PNEC |
| 005 - DATE AND TIME OF LATEST TRANSACTION | |
| control field | 20170116180802.0 |
| 008 - FIXED-LENGTH DATA ELEMENTS--GENERAL INFORMATION | |
| fixed length control field | 150416b xxu||||| |||| 00| 0 eng d |
| 040 ## - CATALOGING SOURCE | |
| Transcribing agency | LIBRARY |
| 082 ## - DEWEY DECIMAL CLASSIFICATION NUMBER | |
| Classification number | 297.5 ASH |
| 100 ## - MAIN ENTRY--PERSONAL NAME | |
| 9 (RLIN) | 2650 |
| Personal name | Ashraf, Ali Thanvi |
| 245 ## - TITLE STATEMENT | |
| Title | Bahishti zewar |
| Statement of responsibility, etc. | Maulana Ashraf Ali Thanvi |
| 260 ## - PUBLICATION, DISTRIBUTION, ETC. | |
| Place of publication, distribution, etc. | Rawalpindi |
| Name of publisher, distributor, etc. | Tameeri Kutab Khana, |
| 300 ## - PHYSICAL DESCRIPTION | |
| Extent | various pagings: |
| Dimensions | 24 cm. |
| 650 ## - SUBJECT ADDED ENTRY--TOPICAL TERM | |
| 9 (RLIN) | 2653 |
| Topical term or geographic name entry element | Islam, Human life |
| General subdivision | General |
| 942 ## - ADDED ENTRY ELEMENTS (KOHA) | |
| Source of classification or shelving scheme | |
| Koha item type | Book |
| Withdrawn status | Lost status | Source of classification or shelving scheme | Damaged status | Not for loan | Permanent Location | Current Location | Shelving location | Date acquired | Source of acquisition | Total Checkouts | Full call number | Barcode | Date last seen | Price effective from | Koha item type | Materials specified (bound volume or other part) | Cost, normal purchase price | Cost, replacement price |
|---|---|---|---|---|---|---|---|---|---|---|---|---|---|---|---|---|---|---|
| Pakistan Navy Engineering College (PNEC) | Pakistan Navy Engineering College (PNEC) | 02/16/1993 | Punjab Book House/Reference Grant | 297.5 ASH | PNECLIB-017019 | 04/16/2015 | 02/16/1993 | Book | ||||||||||
| Pakistan Navy Engineering College (PNEC) | Pakistan Navy Engineering College (PNEC) | 12/07/2015 | ZS Book Agency/ Library Grant | 297.5 ASH | PNECLIB-032463 | 02/15/2016 | 12/07/2015 | Book | Hardbound | 323.00 | 323.00 |
